| 000 | 00952cam a2200337 i 4500 | ||
|---|---|---|---|
| 001 | 0000797 | ||
| 003 | DO-SdBNP | ||
| 005 | 20180212133205.0 | ||
| 007 | 0000797 | ||
| 008 | 100514s 2000 mx a | |||| 000 f spa | ||
| 015 | _a | ||
| 017 |
_a _b |
||
| 020 | _a9681907175 | ||
| 035 | _a | ||
| 040 |
_aBPMSU _bspa _cBPMSU _e |
||
| 080 | _a | ||
| 100 | 1 |
_aFine, Anne _d1947- |
|
| 240 | 1 | _aBill´s new frock / | |
| 245 | 1 | 0 |
_aBilly y el vestido rosa / _h _cAnne Fine ; ilustraciones Phillippe Dupasquier ; traducción Ana Pérez |
| 260 |
_aMéxico : _bAlfaguara, _c2000. |
||
| 300 |
_a94 p.: _bil. _c20 m |
||
| 490 | 1 | _aAlfaguara infantil | |
| 500 | _aIncluye datos biográficos de la autora. | ||
| 521 | _aA partir de 8 años. | ||
| 700 | 1 | 2 |
_aDupasquier, Phillippe _eil. |
| 700 | 1 | 2 |
_aPérez, Ana _etrad. |
| 830 | 0 | _aAlfaguara infantil | |
| 942 |
_2ddc _cBK |
||
| 945 | _ainventariado, 2018 / dg | ||
| 956 |
_aYLOCKWARD _810 _cBPMSU |
||
| 999 |
_c11866 _d11866 |
||